| 000 | 00578nam a22002057a 4500 | ||
|---|---|---|---|
| 003 | OSt | ||
| 020 | _a9788170006886 | ||
| 082 |
_a025.32 _bWEL/PA |
||
| 100 | _aWelsh, Anne | ||
| 245 | _aPractical cataloguing:AACR, RDA and MARC 21 | ||
| 260 |
_aNew Delhi _bEss Ess Publications _c2013 |
||
| 300 | _aXVi, 217 Pages | ||
| 650 | _aCatalogues and cataloguing standards | ||
| 650 | _aBibliographic elements | ||
| 650 | _aAACR and RDA | ||
| 650 | _aAccess points and headings | ||
| 650 | _aThe birth of RDA and the death of MARC | ||
| 700 | _aBatley, Sue | ||
| 942 |
_2ddc _cCR |
||
| 999 |
_c139980 _d139980 |
||